Archie Funhouse Comics Digest #19 /

Veronica puts all thoughts of Archie aside when her parents reveal that one of her old friends from summer camp has blossomed into a Hollywood hunk and is coming to their house for a visit. But when Ron gets a glimpse at the tanned California girls this leading man seems to favor, will she go severa...

Full description

Bibliographic Details
Corporate Author: Library Pass, LLC
Other Authors: Superstars, Archie (writer.)
Format: eBook
Language:English
Published: [United States] : Archie Comics, 2016.
Subjects:
Online Access:Connect to this electronic book (First time users create your free account)

MARC

Tag First Indicator Second Indicator Subfields
LEADER 00000nmm a22000001a 4500
001 in00004628310
006 m|||||o||m||||||||
007 cr|cn |||uuuuu
008 221118s2016 xxu||||do|||| ||||||eng d
005 20221207221935.0
035 |a (TxWaIVM)IV68589ArAr 
040 |a TxWaIVM  |c TxWaIVM 
245 0 0 |a Archie Funhouse Comics Digest #19 /  |c powered by Library Pass. 
260 3 |a [United States] :  |b Archie Comics,  |c 2016. 
300 |a 1 online resource. 
336 |a text  |b txt  |2 rdacontent 
337 |a computer  |b c  |2 rdamedia 
338 |a online resource  |b cr  |2 rdacarrier 
520 |a Veronica puts all thoughts of Archie aside when her parents reveal that one of her old friends from summer camp has blossomed into a Hollywood hunk and is coming to their house for a visit. But when Ron gets a glimpse at the tanned California girls this leading man seems to favor, will she go several steps too far to try and transform herself into his ideal love interest? Find out in "Orange You Lovely," the brand new lead story to this comics annual, featuring even more pages of fun! 
521 |a 2 
538 |a Requires a valid library card and registration for new users. 
538 |a Mode of access: World Wide Web. 
538 |a System requirements: Flash 10.1 or higher, Windows XP and higher, Internet Explorer 7 and higher, Firefox 3.6 and higher, Google Chrome; Max OS 10.5 and higher, Safari 4 and higher. 
650 0 |a Humor 
655 7 |a Electronic books.  |2 local 
655 7 |a Humor  |2 gsafd 
650 0 |a Romance comic books, strips, etc. 
655 7 |a Romance comic books, strips, etc.  |2 gsafd 
700 1 |a Superstars, Archie.  |e writer. 
700 1 |a Superstars, Archie.  |e artist. 
710 2 |a Library Pass, LLC. 
856 4 0 |u http://proxy.library.tamu.edu/login?url=https://tamu.librarypass.com/product/com.iversecomics.archie.comics.archie.funhouse.comics.digest.nineteen.english.03092016  |z Connect to this electronic book (First time users create your free account)  |t 0 
955 |a Comics Plus. 
999 f f |s cb7cc148-76bc-49ca-b94f-80e7d00a4efd  |i 95ddb608-bf23-4d8b-b6ba-0bfb5b95cb28  |t 0 
952 f f |a Texas A&M University  |b College Station  |c Electronic Resources  |d Available Online  |t 0  |h Library of Congress classification 
998 f f |t 0  |l Available Online